| 000 | 00728nam a2200205Ia 4500 | ||
|---|---|---|---|
| 001 | 16976 | ||
| 003 | GE_BSU | ||
| 008 | 181216s||||||||xx |||||||||||||| ||und|| | ||
| 040 | _cGE_BSU | ||
| 080 | _a908(47+57) + 321(47+57):172 | ||
| 245 | _aახდენილი ოცნება | ||
| 245 | _cრედ. ა. არობელიძე | ||
| 260 | _aთბილისი | ||
| 260 | _bსაბჭ. აჭარა | ||
| 260 | _c1983 | ||
| 300 | _a120გვ. ; 16სმ. | ||
| 653 | _aახდენილი ოცნება | ||
| 653 | _aკომუნისტური მშენებლობა სსრ კავშირში; საბჭოთა პატრიოტიზმი | ||
| 942 | _cBK | ||
| 999 |
_c50038 _d50038 |
||